Entrepreneur. (Record no. 14794)
[ view plain ]
| 000 -LEADER | |
|---|---|
| fixed length control field | 00683cas a22002291 4500 |
| 001 - CONTROL NUMBER | |
| control field | 0000013105 |
| 005 - DATE AND TIME OF LATEST TRANSACTION | |
| control field | 20151217160929.0 |
| 008 - FIXED-LENGTH DATA ELEMENTS--GENERAL INFORMATION | |
| fixed length control field | 090602c xxur p 0 0eng d |
| 022 ## - INTERNATIONAL STANDARD SERIAL NUMBER | |
| International Standard Serial Number | 0163-3341 |
| 040 ## - CATALOGING SOURCE | |
| Original cataloging agency | KABU |
| Transcribing agency | KABU |
| 245 00 - TITLE STATEMENT | |
| Title | Entrepreneur. |
| 260 ## - PUBLICATION, DISTRIBUTION, ETC. (IMPRINT) | |
| Place of publication, distribution, etc. | Irvine, CA. : |
| Name of publisher, distributor, etc. | Entrepreneur Media, |
| Date of publication, distribution, etc. | 1978 -. |
| 300 ## - PHYSICAL DESCRIPTION | |
| Extent | v : |
| Other physical details | ill. |
| 310 ## - CURRENT PUBLICATION FREQUENCY | |
| Current publication frequency | Monthly, |
| 500 ## - GENERAL NOTE | |
| General note | Bound volumes. |
| 650 #0 - SUBJECT ADDED ENTRY--TOPICAL TERM | |
| Topical term or geographic name as entry element | Business. |
| -- | 0000149956 |
| 650 #0 - SUBJECT ADDED ENTRY--TOPICAL TERM | |
| Topical term or geographic name as entry element | Success |
| Form subdivision | Periodicals. |
| -- | 0000170225 |
| 852 1# - LOCATION | |
| -- | p400.20 KES monthly |
| 908 ## - PUT COMMAND PARAMETER (RLIN) | |
| Put command parameter | 090602 |
| 950 ## - LOCAL HOLDINGS (RLIN) | |
| -- | 1 |
| Withdrawn status | Lost status | Source of classification or shelving scheme | Not for loan | Home library | Current library | Date acquired | Total Checkouts | Full call number | Barcode | Date last seen | Price effective from | Koha item type |
|---|---|---|---|---|---|---|---|---|---|---|---|---|
| Library of Congress Classification | Not For Loan | Kabarak, Main Campus | Kabarak, Main Campus | 17/12/2015 | HF1 .E58 2008 Mar. - Dec. c. 1 | 17748 | 17/12/2015 | 17/12/2015 | Periodicals | |||
| Library of Congress Classification | Not For Loan | Kabarak, Main Campus | Kabarak, Main Campus | 17/12/2015 | HF1 .E58 2007 May. - Dec. c. 1 | 18086 | 17/12/2015 | 17/12/2015 | Periodicals |